| 000 | 00777nam a22002177a 4500 | ||
|---|---|---|---|
| 999 |
_c11185 _d11185 |
||
| 003 | AR-CdUCM | ||
| 008 | 190403b ||||| |||| 00| 0 spa d | ||
| 040 |
_aMUNICIPALIDAD PROVINCIAL DEL CUSCO _cBIBLIOTECA MUNICIPAL DEL CUSCO |
||
| 082 |
_21ed. _aES / 373.985 / _bG88 |
||
| 100 |
_aGuevara Espinoza, Antonio _928362 |
||
| 245 |
_aHistoria del Perú en el proceso americano y mundial : _bCon una incorporación de historia universal ( Las altas culturas del antiguo oriente ) / |
||
| 260 |
_aLima : _bBruño, _c1989. |
||
| 300 |
_a295 paginas ; _bilustraciones, graficos, dibujos, _c24 cm. |
||
| 500 | _aHistoria | ||
| 650 |
_aHistoria _9136 |
||
| 650 |
_aMundial _911401 |
||
| 650 |
_aAmericano _928411 |
||
| 650 |
_aLiteratura _983 |
||
| 942 |
_2ddc _cLIBROS |
||
| 945 | _apjha | ||